000 00672nam a2200241Ia 4500
003 OSt
005 20220928131155.0
006 a|||||r|||| 00| 0
007 ta
008 220927b |||||||| |||| 00| 0 eng d
024 _a36605
037 _cTextual
040 _aSDCL
_cSDCL
_beng
041 _2eng
_aeng
082 _aQ498, N3
100 _aCopleston Reginald
_9477281
245 0 _aTheravada buddhism.
260 _aDelhi
_bEastern Book linkers
_c1993
300 _axxiv,206p.
_ccm.
700 _a Sobti Harcharan singh Ed.
_9477282
942 _hQ498, N3
_cTEXL
_2CC
999 _c789779
_d789779